[Event "Ä15Ï"]
[Site "Loo"]
[Date "2017.04.25"]
[Round "6.27"]
[White "Òåðåùåíêî, Äàðüÿ."]
[Black "Ñàìîøêèíà, Âèêòîðèÿ."]
[Result "1/2-1/2"]
[WhiteElo "1437"]
[BlackElo "1482"]
[PlyCount "84"]
[EventDate "2017.04.20"]

1. d4 d5 2. c4 e6 3. Nc3 Nf6 4. Bg5 Be7 5. Nf3 O-O 6. e3 h6 7. Bxf6 Bxf6 8. Bd3
dxc4 9. Bxc4 a6 10. Qc2 b5 11. Bd3 Bb7 12. Rc1 Re8 13. Be4 c6 14. O-O Nd7 15.
Rfd1 Be7 16. Ne2 Rc8 17. Qd2 Nf6 18. Bb1 Qc7 19. Qc2 c5 20. dxc5 Be4 21. Qb3
Bd5 22. Qc2 Qb7 23. b4 Bxf3 24. gxf3 Qxf3 25. Ng3 g6 26. Qe2 Qxe2 27. Nxe2 Nd5
28. a3 Bf6 29. e4 Ne7 30. Rd3 Nc6 31. Ba2 Ne5 32. Rd6 Nc6 33. Rd3 Red8 34. Rcd1
Bb2 35. Nf4 g5 36. Nxe6 fxe6 37. Bxe6+ Kg7 38. Bxc8 Rxc8 39. Rb3 Bd4 40. Rbd3
Rd8 41. Kg2 Kf6 42. f3 Ke5 1/2-1/2

[Event "Ä15Ï"]
[Site "Loo"]
[Date "2017.04.25"]
[Round "6.28"]
[White "Ìàòþíèíà, Ñîôüÿ."]
[Black "Åìåëüÿíåíêî, Ìàðèíà."]
[Result "1/2-1/2"]
[WhiteElo "1348"]
[BlackElo "1480"]
[PlyCount "102"]
[EventDate "2017.04.20"]

1. e4 Nc6 2. Nf3 d5 3. exd5 Qxd5 4. Nc3 Qa5 5. d4 Bg4 6. Be3 O-O-O 7. Be2 Bxf3
8. Bxf3 Nxd4 9. Bxd4 Qb4 10. Bxb7+ Kxb7 11. Qf3+ c6 12. Be3 Nf6 13. O-O e6 14.
Bg5 Be7 15. a3 Qc5 16. Bxf6 Bxf6 17. Ne4 Qe5 18. Rfe1 Kc7 19. Nxf6 Qxf6 20.
Qxf6 gxf6 21. Rad1 Rb8 22. b3 Rhg8 23. Rd3 Rb5 24. Red1 Rd5 25. f3 Rgg5 26. Kf2
a5 27. c4 Rxd3 28. Rxd3 Rc5 29. Rd4 Rh5 30. h3 c5 31. Rg4 Rg5 32. Rh4 h5 33. f4
Rf5 34. Ke3 e5 35. g4 exf4+ 36. Kf3 hxg4+ 37. hxg4 Re5 38. Kxf4 Kd7 39. Rh5 Kd6
40. Rf5 Ke6 41. Rh5 Kd6 42. Rh8 Re7 43. Ra8 Rb7 44. Rxa5 Rxb3 45. Ra6+ Ke7 46.
Ke4 Rg3 47. Kf4 Rc3 48. Ra4 Kd6 49. Ke4 Rg3 50. Kf4 Rd3 51. Ke4 Rg3 1/2-1/2

[Event "Ä15Ï"]
[Site "Loo"]
[Date "2017.04.25"]
[Round "6.30"]
[White "Èâàíîâà, Àíàñòàñèÿ."]
[Black "Ñàðãóçèíà, Ìàðòà."]
[Result "1/2-1/2"]
[WhiteElo "1257"]
[BlackElo "1462"]
[PlyCount "81"]
[EventDate "2017.04.20"]

1. d4 Nf6 2. c4 g6 3. Nc3 Bg7 4. Nf3 d6 5. e4 O-O 6. Be2 e5 7. dxe5 dxe5 8. O-O
Nc6 9. Bg5 h6 10. Bh4 Be6 11. Qxd8 Raxd8 12. Nd5 g5 13. Nxf6+ Bxf6 14. Bg3 Nd4
15. Nxd4 Rxd4 16. b3 c6 17. f3 Rd2 18. Rfe1 Rfd8 19. Bf2 b6 20. Be3 R2d7 21.
Red1 Be7 22. Kf1 Rxd1+ 23. Rxd1 Rxd1+ 24. Bxd1 Kg7 25. Ke2 f5 26. Kd3 c5 27. a4
a5 28. h3 f4 29. Bd2 h5 30. Be1 h4 31. Bd2 Kh6 32. Bc3 Kg6 33. Bxe5 Bd8 34. Bc3
Kf7 35. Bc2 Bf6 36. Bd1 Bxc3 37. Kxc3 Kf6 38. Kd3 Ke5 39. Bc2 Bd7 40. Bd1 Be6
41. Bc2 1/2-1/2

[Event "Ä15Ï"]
[Site "Loo"]
[Date "2017.04.25"]
[Round "6.32"]
[White "Øàïîâàëîâà, Âèêòîðèÿ."]
[Black "Êàñàòêèíà, Ìàðèÿ."]
[Result "1/2-1/2"]
[WhiteElo "1400"]
[BlackElo "1258"]
[PlyCount "83"]
[EventDate "2017.04.20"]

1. c4 e6 2. d4 d5 3. cxd5 exd5 4. Bf4 c6 5. Nc3 Nf6 6. a3 Bf5 7. e3 Be7 8. Nf3
O-O 9. Bd3 Bxd3 10. Qxd3 Nbd7 11. O-O Nb6 12. b3 Re8 13. h3 Nfd7 14. Rfd1 Nf8
15. Ne5 Ne6 16. Qf5 Rf8 17. Bg3 Bd6 18. Nxf7 Bxg3 19. Nh6+ Kh8 20. Nf7+ Kg8 21.
Qxe6 Bxf2+ 22. Kxf2 Rxf7+ 23. Kg1 Qe7 24. Qxe7 Rxe7 25. Rd3 Rf8 26. Rf1 Ref7
27. Rxf7 Rxf7 28. e4 dxe4 29. Nxe4 Re7 30. Nc5 Nd5 31. Rf3 Rc7 32. Ne6 Rc8 33.
Rf5 Re8 34. Re5 Nc3 35. Nf4 Rxe5 36. dxe5 Kf7 37. Kf1 Nd5 38. Nd3 Ne3+ 39. Kf2
Nc2 40. a4 Nd4 41. Ke3 Nxb3 42. Ke4 1/2-1/2

[Event "Ä15Ï"]
[Site "Loo"]
[Date "2017.04.25"]
[Round "6.33"]
[White "Ìåðåìüÿíèíà, Êñåíèÿ."]
[Black "Áàäðàêîâà, Êñåíèÿ."]
[Result "1/2-1/2"]
[WhiteElo "1322"]
[BlackElo "1422"]
[PlyCount "147"]
[EventDate "2017.04.20"]

1. e4 c5 2. Nc3 Nc6 3. g3 g6 4. d3 Bg7 5. Be3 d6 6. Qd2 e5 7. Bg2 Nge7 8. Bh6
O-O 9. h4 Nd4 10. Rc1 Kh8 11. Bxg7+ Kxg7 12. h5 Ng8 13. Nge2 Bg4 14. Nxd4 cxd4
15. h6+ Kh8 16. Ne2 Be6 17. a3 Qb6 18. b4 Rac8 19. Bh3 Bxh3 20. Rxh3 f5 21.
exf5 Rxf5 22. g4 Rf7 23. Ng3 Nf6 24. Qe2 Nd5 25. Qd2 Rf4 26. g5 Nc3 27. Ne2
Nxe2 28. Qxe2 Rc3 29. Rf3 Rf5 30. Rxf5 gxf5 31. Qh5 Qd8 32. Qf7 Rc7 33. Qxf5
Kg8 34. Qe6+ Kh8 35. Qf5 Kg8 36. g6 hxg6 37. Qxg6+ Kh8 38. Ke2 Qf8 39. Qg5 Rf7
40. Rf1 Rc7 41. Kd2 Rh7 42. f4 Rxh6 43. fxe5 Rh2+ 44. Ke1 Qg7 45. Qxg7+ Kxg7
46. exd6 Rh6 47. Rg1+ Kf7 48. d7 Rd6 49. Rh1 Rxd7 50. Rh7+ Ke6 51. Rxd7 Kxd7
52. Kd2 Kc6 53. c3 Kd5 54. cxd4 Kxd4 55. a4 a6 56. a5 Kd5 57. Kc3 Kc6 58. Kc4
b5+ 59. axb6 Kxb6 60. d4 Kc6 61. d5+ Kd6 62. Kd4 Kd7 63. Kc5 Kc7 64. d6+ Kd7
65. Kb6 Kxd6 66. Kxa6 Kc7 67. Ka5 Kc6 68. b5+ Kb7 69. b6 Kb8 70. Kb5 Kb7 71.
Kc5 Kb8 72. Kc6 Kc8 73. b7+ Kb8 74. Kb6 1/2-1/2

[Event "Ä15Ï"]
[Site "Loo"]
[Date "2017.04.25"]
[Round "6.34"]
[White "Íèêîíîðîâà, Ìåëàíèÿ."]
[Black "Äæàêèÿåâà, Ìàäèíà."]
[Result "1-0"]
[WhiteElo "1321"]
[BlackElo "1408"]
[PlyCount "63"]
[EventDate "2017.04.20"]

1. e4 e5 2. Nf3 Nc6 3. Bc4 d6 4. h3 h6 5. O-O Nf6 6. d3 Bd7 7. c3 Na5 8. Nbd2
Be7 9. Re1 Bc6 10. a3 O-O 11. Ba2 b6 12. Nf1 Nb7 13. Ng3 Nc5 14. Bb3 Qd7 15.
Bc2 Nb7 16. d4 exd4 17. cxd4 Nd8 18. e5 Nh7 19. Qd3 g6 20. Bxh6 Re8 21. b4 Bb5
22. Qe4 d5 23. Qe3 Ne6 24. h4 Qd8 25. h5 g5 26. Nf5 Bc4 27. Nxe7+ Qxe7 28. Bf5
Ng7 29. Bxh7+ Kxh7 30. Bxg5 Qe6 31. Bf6 Kg8 32. Qg5 1-0

[Event "Ä15Ï"]
[Site "Loo"]
[Date "2017.04.25"]
[Round "6.35"]
[White "Åãîðîâà, Àíàñòàñèÿ."]
[Black "Øåëåæîíêîâà, Êñåíèÿ."]
[Result "1/2-1/2"]
[WhiteElo "1308"]
[BlackElo "1374"]
[PlyCount "86"]
[EventDate "2017.04.20"]

1. d4 d5 2. c4 e6 3. e3 Nf6 4. Nc3 Nbd7 5. Nf3 Be7 6. Be2 dxc4 7. Bxc4 b6 8.
O-O Bb7 9. h3 O-O 10. b3 c5 11. dxc5 Bxc5 12. Bb2 Qc7 13. Rb1 Rfd8 14. Qe2 Qc6
15. Ba6 Bxa6 16. Qxa6 Qc8 17. Qxc8 Raxc8 18. Nb5 a6 19. Nc3 Be7 20. Rfc1 Nc5
21. Ne1 h6 22. Rd1 Nce4 23. Nxe4 Nxe4 24. Rxd8+ Rxd8 25. Nf3 Bc5 26. Be5 Rd7
27. Bb2 Nd2 28. Nxd2 Rxd2 29. Kf1 Kf8 30. Ke1 Rc2 31. Kf1 Rd2 32. Ke1 Rc2 33.
Kf1 f6 34. Ke1 Ke7 35. Kf1 Kf7 36. Ke1 Ke7 37. Kf1 Kf7 38. Ke1 Kg6 39. Kf1 Kf5
40. Ke1 Ke4 41. Kf1 Kf5 42. Ke1 Ke4 43. Kf1 Kf5 1/2-1/2

[Event "Ä15Ï"]
[Site "Loo"]
[Date "2017.04.25"]
[Round "6.36"]
[White "Áåëîâà, Êñåíèÿ."]
[Black "Óëàíîâñêàÿ, Âàëåðèÿ."]
[Result "1/2-1/2"]
[WhiteElo "1352"]
[BlackElo "1250"]
[PlyCount "80"]
[EventDate "2017.04.20"]

1. e4 g6 2. d4 Bg7 3. Nf3 c6 4. Nc3 d6 5. Bc4 e6 6. Be3 Ne7 7. Qd2 d5 8. exd5
exd5 9. Bd3 Nf5 10. Bxf5 Bxf5 11. O-O-O O-O 12. h4 Bg4 13. Bh6 Qf6 14. Bxg7
Kxg7 15. h5 gxh5 16. Rdg1 Nd7 17. Nh2 Rg8 18. f3 Be6 19. g4 Kf8 20. gxh5 Ke7
21. Ng4 Qxf3 22. Qe3 Qxe3+ 23. Nxe3 f5 24. Rf1 Raf8 25. Ne2 c5 26. c3 cxd4 27.
cxd4 Rf7 28. Nf4 Nb6 29. b3 a6 30. Kd2 Rf6 31. Rf3 Rg5 32. Rfh3 Kf7 33. Ke2 Rg4
34. Kf3 Rg8 35. Ke2 Ke7 36. Rf3 Kd6 37. Rhf1 Rgf8 38. R1f2 Nc8 39. Rg2 R8f7 40.
Rgf2 Rf8 1/2-1/2

[Event "Ä15Ï"]
[Site "Loo"]
[Date "2017.04.25"]
[Round "6.37"]
[White "Êðàñíþê, Âåðîíèêà."]
[Black "Âîëêîäàâ, Îëüãà."]
[Result "0-1"]
[WhiteElo "1337"]
[BlackElo "1607"]
[PlyCount "104"]
[EventDate "2017.04.20"]

1. e4 e5 2. Nf3 Nc6 3. Bc4 Bc5 4. Nc3 d6 5. d3 Bg4 6. h3 Bh5 7. Be3 Bb6 8. Qe2
Nf6 9. Qd1 Na5 10. Qe2 Nxc4 11. dxc4 Ba5 12. Bd2 Qd7 13. Qd3 Qc6 14. g4 Bg6 15.
Nh4 Bxc3 16. Nxg6 Bxd2+ 17. Qxd2 Qxe4+ 18. Kd1 Qxh1+ 19. Ke2 Qe4+ 20. Qe3 Qxe3+
21. Kxe3 hxg6 22. Rh1 Nxg4+ 23. Kf3 Nf6 24. b3 Rh7 25. Kg2 d5 26. cxd5 Nxd5 27.
Re1 f6 28. Rh1 Nb4 29. c4 Nxa2 30. Rg1 Rd8 31. Ra1 Rd2 32. Rh1 Nb4 33. Kg3 Rd3+
34. f3 Rxb3 35. Ra1 a6 36. Rc1 e4 37. Rf1 Rxf3+ 38. Rxf3 exf3 39. Kxf3 Rxh3+
40. Ke2 Ke7 41. c5 Ke6 42. c6 Nxc6 43. Kf2 Rb3 44. Ke2 a5 45. Kd2 a4 46. Kc1 a3
47. Kc2 Rb4 48. Kc3 a2 49. Kc2 a1=Q 50. Kd3 Qa3+ 51. Kc2 Rb2+ 52. Kc1 Qa1# 0-1

[Event "Ä15Â"]
[Site "Loo"]
[Date "2017.04.25"]
[Round "6.1"]
[White "Ìèðîøíèê, Åêàòåðèíà."]
[Black "Âûðòîñó, Íàòàëüÿ."]
[Result "0-1"]
[WhiteElo "2116"]
[BlackElo "1871"]
[PlyCount "116"]
[EventDate "2017.04.20"]

1. d4 d5 2. c4 dxc4 3. e3 Nf6 4. Bxc4 e6 5. Nf3 c5 6. O-O Nc6 7. a3 cxd4 8.
exd4 Be7 9. Nc3 O-O 10. h3 b6 11. Be3 Bb7 12. Qe2 Rc8 13. Rac1 Na5 14. Ba2 Nd5
15. Nxd5 Bxd5 16. Rxc8 Qxc8 17. Bxd5 exd5 18. Rc1 Qb7 19. Bf4 Nc4 20. Re1 Bd6
21. Bxd6 Nxd6 22. Qe7 Qxe7 23. Rxe7 a5 24. Rd7 Nc4 25. Rxd5 Nxb2 26. Ne5 Rc8
27. Rb5 Na4 28. d5 Rc5 29. Rxc5 Nxc5 30. Nc4 Nd7 31. f4 a4 32. Nb2 b5 33. Nd3
Nb6 34. Nb4 Kf8 35. Kf2 Ke7 36. Ke3 Nc4+ 37. Kd4 Kd6 38. Nc2 f5 39. g4 g6 40.
g5 Na5 41. Nb4 Nb3+ 42. Kc3 Kc5 43. h4 Na5 44. Na6+ Kxd5 45. Kb4 Nc4 46. Nc7+
Ke4 47. Nxb5 Nxa3 48. Kxa3 Kxf4 49. Kxa4 Kg3 50. Kb3 f4 51. Nd6 f3 52. Kc3 f2
53. Ne4+ Kg2 54. Nd2 f1=Q 55. Nxf1 Kxf1 56. Kd3 Kf2 57. Kd2 Kf3 58. Ke1 Kg4 0-1

[Event "Ä15Â"]
[Site "Loo"]
[Date "2017.04.25"]
[Round "6.2"]
[White "Àôàíàñüåâà, Àëåêñàíäðà."]
[Black "Ñîëîæåíêèíà, Åëèçàâåòà."]
[Result "1/2-1/2"]
[WhiteElo "1950"]
[BlackElo "2234"]
[PlyCount "93"]
[EventDate "2017.04.20"]

1. e4 d6 2. d4 Nf6 3. Nc3 g6 4. g3 Bg7 5. Bg2 O-O 6. Nge2 Nbd7 7. O-O c5 8. h3
Rb8 9. dxc5 Nxc5 10. Be3 b6 11. g4 Bb7 12. Ng3 a6 13. Qd2 Re8 14. f4 Nfd7 15.
Rab1 Rc8 16. Bd4 Bxd4+ 17. Qxd4 b5 18. Nd5 Na4 19. c3 Rc4 20. Qd2 Bxd5 21. exd5
Qb6+ 22. Kh2 Rc7 23. Rbe1 a5 24. Ne4 Rec8 25. f5 Nac5 26. fxg6 hxg6 27. Nxc5
Nxc5 28. Qg5 Qa7 29. h4 Nd3 30. Re2 Ne5 31. h5 f6 32. Qf4 Rc4 33. Re4 Qd7 34.
Bh3 g5 35. Qe3 Rxe4 36. Qxe4 Rc4 37. Qc2 Qc8 38. Rf2 b4 39. Re2 bxc3 40. Rxe5
dxe5 41. Qg6+ Kf8 42. h6 cxb2 43. h7 Rc2+ 44. Bg2 Rxg2+ 45. Kxg2 Qxg4+ 46. Kf2
Qf4+ 47. Kg2 1/2-1/2

[Event "Ä15Â"]
[Site "Loo"]
[Date "2017.04.25"]
[Round "6.3"]
[White "Ïîãîðåëüñêèõ, Ñîôüÿ."]
[Black "Áóëàòîâà, Êàìàëèÿ."]
[Result "0-1"]
[WhiteElo "1880"]
[BlackElo "1957"]
[PlyCount "124"]
[EventDate "2017.04.20"]

1. e4 e6 2. d4 d5 3. Nc3 Nf6 4. e5 Nfd7 5. f4 c5 6. Nf3 Nc6 7. Be3 cxd4 8. Nxd4
Bc5 9. Qd2 O-O 10. O-O-O a6 11. g4 Nxd4 12. Bxd4 b5 13. Bg2 Bb7 14. Ne2 Rc8 15.
Kb1 a5 16. Rhf1 Qc7 17. Bxc5 Nxc5 18. Nd4 Ba6 19. Rde1 b4 20. Rf2 Rb8 21. f5
Kh8 22. Qf4 Rg8 23. Bf1 Bxf1 24. Rfxf1 a4 25. Rf3 a3 26. Rh3 g5 27. Qf3 Ne4 28.
Qe3 Qxe5 29. Rh6 Rg7 30. fxe6 axb2 31. Kxb2 Ra8 32. e7 Qxe7 33. Nc6 Qb7 34. Nd4
Qe7 35. Ra1 Nc3 36. a3 Nb5 37. Nf5 Qxe3 38. Nxe3 bxa3+ 39. Kb3 Nd4+ 40. Kc3
Ne2+ 41. Kb3 d4 42. Nc4 Rg6 43. Rxg6 hxg6 44. Nxa3 f5 45. gxf5 gxf5 46. Re1 Re8
47. Nb5 f4 48. Kc4 Re4 49. Nd6 Re7 50. Nf5 Rc7+ 51. Kd3 f3 52. Rf1 g4 53. Rf2
Rd7 54. h3 Nf4+ 55. Ke4 Nxh3 56. Rh2 f2 57. Ng3 f1=Q 58. Nxf1 Re7+ 59. Kxd4 Re1
60. Ng3 Rg1 61. Ke3 Rxg3+ 62. Ke2 Rg1 0-1

[Event "Ä15Â"]
[Site "Loo"]
[Date "2017.04.25"]
[Round "6.4"]
[White "Þðàñîâà, Äàðüÿ."]
[Black "Âèíîêóð, Þëèÿ."]
[Result "0-1"]
[WhiteElo "1907"]
[BlackElo "2233"]
[PlyCount "60"]
[EventDate "2017.04.20"]

1. d4 g6 2. c4 Bg7 3. Nc3 d6 4. e4 e5 5. Nf3 Nc6 6. d5 Nd4 7. Nxd4 exd4 8. Nb5
Qe7 9. Bd3 c6 10. Na3 Nf6 11. O-O O-O 12. Re1 Ng4 13. h3 Ne5 14. Bf1 g5 15. Nc2
c5 16. Qh5 g4 17. hxg4 Bxg4 18. Qg5 Qd7 19. Kh1 f5 20. f3 Bxf3 21. gxf3 Nxf3
22. Qg3 Nxe1 23. Nxe1 fxe4 24. Bh3 Qe8 25. Bh6 Qg6 26. Be6+ Kh8 27. Bxg7+ Kxg7
28. Qxg6+ hxg6 29. Ng2 Rf2 30. b3 e3 {äàëåå çàïèñü íåðàçáîð~~èâà} 0-1

[Event "Ä15Â"]
[Site "Loo"]
[Date "2017.04.25"]
[Round "6.5"]
[White "Áàéáóðèíà, Êàìèëëà."]
[Black "Âîñêðåñåíñêàÿ, Ìàðòà."]
[Result "0-1"]
[WhiteElo "1825"]
[BlackElo "2009"]
[PlyCount "99"]
[EventDate "2017.04.20"]

1. e4 c5 2. c3 g6 3. d4 cxd4 4. cxd4 d5 5. e5 Bg7 6. Nc3 Nh6 7. h3 O-O 8. Bd3
Nc6 9. Nge2 f6 10. exf6 Rxf6 11. Bg5 Rf8 12. O-O Nf7 13. Be3 e6 14. a3 Nd6 15.
Qd2 Na5 16. Qc2 Bd7 17. Rac1 Rc8 18. Rfe1 Qh4 19. f3 Nac4 20. Bf2 Qg5 21. h4
Qh6 22. Qb3 Bf6 23. Bxc4 Nxc4 24. Qxb7 Bc6 25. Qa6 Bxh4 26. g3 Bg5 27. f4 Be7
28. b4 Rc7 29. Kg2 g5 30. b5 Bb7 31. Qa4 gxf4 32. Nxf4 e5 33. Rh1 Qf6 34. dxe5
d4+ 35. Kg1 Nxe5 36. Qb3+ Qf7 37. Qxf7+ Rxf7 38. Nce2 Rxc1+ 39. Nxc1 Bxh1 40.
Kxh1 Bxa3 41. Bxd4 Bxc1 42. Bxe5 Bxf4 43. Bxf4 Rb7 44. Be3 Kf7 45. Kg2 Ke6 46.
Kf3 Kd5 47. Kf4 Kc4 48. Kg4 Kxb5 49. Kg5 a5 50. Kh6 0-1

[Event "Ä15Â"]
[Site "Loo"]
[Date "2017.04.25"]
[Round "6.6"]
[White "Äóáíèêîâà, Àíàñòàñèÿ."]
[Black "Ïîïîâà, Èðèíà."]
[Result "0-1"]
[WhiteElo "1697"]
[BlackElo "1938"]
[PlyCount "108"]
[EventDate "2017.04.20"]

1. d4 Nf6 2. c4 e6 3. Nc3 Bb4 4. Qc2 O-O 5. Nf3 b6 6. e3 Bb7 7. Be2 d6 8. O-O
Bxc3 9. Qxc3 Ne4 10. Qc2 Nd7 11. Nd2 f5 12. f3 Ng5 13. b3 c5 14. Bb2 f4 15. e4
e5 16. d5 Rf6 17. Rf2 Rh6 18. h3 Nf6 19. Kf1 Qe8 20. Ke1 Qh5 21. Nf1 Qh4 22.
Bd3 Bc8 23. Kd1 Nh5 24. Qd2 Ng3 25. Kc2 Bd7 26. Re1 Kf7 27. Bc1 Rg8 28. Nh2 Rg6
29. Bf1 h5 30. Bb2 Rh6 31. Kb1 Nh7 32. Bd3 g5 33. Bc2 Nf6 34. Nf1 g4 35. Nxg3
Qxg3 36. hxg4 hxg4 37. Ref1 Rgh8 38. Bd1 Rh2 39. Qe2 Qh4 40. Qe1 g3 41. Rc2 Ng8
42. Qd2 Ne7 43. a3 Ng6 44. Re1 Bh3 45. Re2 Bxg2 46. Rxg2 Rxg2 47. Qxg2 Qh1 48.
Kc1 Rh2 49. Qxh1 Rxh1 50. Bxe5 dxe5 51. Rd2 Nh4 52. d6 Ke8 53. Rd5 g2 54. Rxe5+
Kd7 0-1

[Event "Ä15Â"]
[Site "Loo"]
[Date "2017.04.25"]
[Round "6.7"]
[White "Çàéöåâà, Ëþäìèëà."]
[Black "Ôèëèïïîâà, Ìàðãàðèòà."]
[Result "1-0"]
[WhiteElo "1953"]
[BlackElo "1767"]
[PlyCount "143"]
[EventDate "2017.04.20"]

1. d4 Nf6 2. Bf4 e6 3. e3 c5 4. c3 Nc6 5. Nd2 d5 6. Ngf3 Bd6 7. Bg3 O-O 8. Bb5
Bxg3 9. hxg3 Qb6 10. Bxc6 bxc6 11. Qc2 Ba6 12. Ne5 g6 13. g4 Qb5 14. Nb3 cxd4
15. Nxd4 Qb8 16. Ndxc6 Qd6 17. g5 Ne4 18. f4 Bb7 19. Nd4 Nxg5 20. g4 Ne4 21.
Qh2 h5 22. gxh5 g5 23. fxg5 Nxg5 24. h6 Kh7 25. O-O-O f6 26. Qc2+ Ne4 27. Ng4
f5 28. Nf2 Qg3 29. Nxe4 fxe4 30. Qe2 Qe5 31. Qg4 Rg8 32. Qxe6 Qxe6 33. Nxe6 Rg3
34. Rdf1 Rb8 35. Rf7+ Kh8 36. Nf8 Bc6 37. Rh7+ Kg8 38. Rg7+ Rxg7 39. hxg7 Kxg7
40. Ne6+ Kf6 41. Nd4 Bb7 42. Rh4 Kg5 43. Rh7 Kf6 44. Rd7 a6 45. Rd6+ Ke7 46.
Rb6 Kd7 47. a4 Kc7 48. a5 Rh8 49. Ne6+ Kc8 50. Nc5 Rh1+ 51. Kc2 Rh2+ 52. Kb3 d4
53. cxd4 Bd5+ 54. Kc3 Re2 55. Rd6 Ba2 56. Rxa6 Rxe3+ 57. Kd2 Rh3 58. Nxe4 Rh2+
59. Kc3 Rh3+ 60. Kc2 Kb7 61. Nc5+ Kc7 62. Rf6 Rh2+ 63. Kc3 Rh3+ 64. Kb4 Rh4 65.
Ne6+ Bxe6 66. Rxe6 Rxd4+ 67. Kc5 Ra4 68. b4 Ra2 69. Re7+ Kd8 70. Rb7 Kc8 71.
Kb6 Rb2 72. Ka7 1-0

[Event "Ä15Â"]
[Site "Loo"]
[Date "2017.04.25"]
[Round "6.8"]
[White "Ñîñíèíà, Åêàòåðèíà."]
[Black "Ãàðèôóëëèíà, Ëåÿ."]
[Result "0-1"]
[WhiteElo "1812"]
[BlackElo "2015"]
[PlyCount "120"]
[EventDate "2017.04.20"]

1. e4 c5 2. a3 g6 3. b4 Bg7 4. Nc3 d6 5. g3 b6 6. Bg2 Bb7 7. Nge2 Nc6 8. Rb1
Rb8 9. O-O e6 10. d3 Nge7 11. Bd2 O-O 12. Nf4 Nd4 13. Na4 b5 14. c3 Ndc6 15.
Nb2 a5 16. c4 bxc4 17. b5 c3 18. Nc4 cxd2 19. bxc6 Nxc6 20. Qxd2 Qc7 21. Rb6 a4
22. Rfb1 Ba8 23. Qd1 Ne5 24. Qxa4 Nxc4 25. Rxb8 Rxb8 26. Rxb8+ Qxb8 27. Qxc4
Bc6 28. Qa6 Qb7 29. Qxb7 Bxb7 30. a4 Ba6 31. Bf1 Kf8 32. Ng2 Ke7 33. Ne3 Kd7
34. f4 Kc7 35. g4 Kb6 36. Kg2 Ka5 37. Nc4+ Bxc4 38. dxc4 Kxa4 39. Kf3 Kb3 40.
h4 Kc3 41. Ke3 Bf6 42. g5 Bd4+ 43. Kf3 Bg1 44. Kg2 Be3 45. Kf3 Kd4 46. Be2 Bc1
47. Bf1 Bd2 48. Be2 Be1 49. Bf1 Bxh4 50. Be2 f6 51. Kg4 fxg5 52. fxg5 Be1 53.
Kf4 Bd2+ 54. Kg3 Bxg5 55. Bg4 e5 56. Be6 Kxe4 57. Kg4 Bd2 58. Bg8 h5+ 59. Kh4
Kf4 60. Bf7 Be1+ 0-1

[Event "Ä15Â"]
[Site "Loo"]
[Date "2017.04.25"]
[Round "6.9"]
[White "Ïîäãîðíîâà, Àííà."]
[Black "Ëîñêóòîâà, Âèêòîðèÿ."]
[Result "1/2-1/2"]
[WhiteElo "1769"]
[BlackElo "1981"]
[PlyCount "151"]
[EventDate "2017.04.20"]

1. c4 Nf6 2. Nf3 c5 3. g3 g6 4. Bg2 Bg7 5. O-O O-O 6. Nc3 Nc6 7. d4 cxd4 8.
Nxd4 a6 9. h3 Qc7 10. Be3 Nxd4 11. Qxd4 d6 12. Rac1 Bd7 13. Qd2 Bc6 14. Nd5 Qd8
15. b3 Nd7 16. Bg5 Bxd5 17. Bxd5 Rb8 18. Qe3 Bf6 19. Bh6 Bg7 20. Bf4 Bf6 21.
Rfd1 b6 22. b4 Qc7 23. g4 Rfe8 24. Rc2 Be5 25. Rdc1 Bxf4 26. Qxf4 Nf6 27. Bg2
Qd7 28. b5 axb5 29. cxb5 Qe6 30. Qd4 Red8 31. Bf3 Nd7 32. Kg2 Nc5 33. Bd5 Qe5
34. Qxe5 dxe5 35. Bc6 Rd6 36. Rxc5 bxc5 37. Rxc5 Rd2 38. Rxe5 Rxa2 39. Rxe7 Rb2
40. Re5 Rd8 41. Bd5 Kf8 42. Bc4 Rb4 43. Bd3 Re8 44. Rc5 Rb8 45. Kg3 Kg7 46. g5
Rb7 47. f4 h6 48. f5 gxf5 49. Rxf5 Re7 50. gxh6+ Kxh6 51. Rf4 Re3+ 52. Rf3 Re7
53. e4 Rb2 54. Kf4 Rd7 55. Bc4 Rb4 56. Be2 Rd2 57. Re3 Rbb2 58. Bc4 Rd7 59. Kf5
Rc2 60. Bd5 Rb2 61. Bc6 Rd6 62. e5 Rg6 63. Bd5 Rf2+ 64. Rf3 Re2 65. Bxf7 Rg5+
66. Kf6 Rgxe5 67. Bc4 Re1 68. b6 Re8 69. b7 Rb1 70. Bd5 Rd8 71. Be4 Rb4 72. Ke7
Rdd4 73. Bc6 Rd2 74. Re3 Rdb2 75. Re6+ Kg5 76. Re4 1/2-1/2

[Event "Ä15Â"]
[Site "Loo"]
[Date "2017.04.25"]
[Round "6.10"]
[White "Ãåòüìàí, Òàòüÿíà."]
[Black "Äàâûäîâà, Êèðà."]
[Result "1-0"]
[WhiteElo "1972"]
[BlackElo "1769"]
[PlyCount "89"]
[EventDate "2017.04.20"]

1. d4 d6 2. e4 g6 3. Nc3 Bg7 4. Bg5 a6 5. a4 b6 6. Qd2 Bb7 7. Bc4 h6 8. Bh4 Nc6
9. d5 Ne5 10. Be2 g5 11. Bg3 c6 12. f4 gxf4 13. Bxf4 cxd5 14. exd5 Qc7 15. Be3
Nc4 16. Bxc4 Qxc4 17. Nge2 Nf6 18. Rd1 Ne4 19. Nxe4 Qxe4 20. Ng3 Qxa4 21. O-O
Be5 22. Qf2 f6 23. Bxb6 Qh4 24. Bd4 Bxg3 25. hxg3 Qg5 26. Rde1 Qxd5 27. Bxf6
Rh7 28. Bxe7 Qxg2+ 29. Qxg2 Bxg2 30. Bf6+ Kd7 31. Kxg2 Rc8 32. c3 Rb8 33. b4
Kc6 34. Re7 Rxe7 35. Bxe7 Re8 36. Bf6 Re2+ 37. Kh3 Kb5 38. Bd4 Re6 39. Rf6 Rxf6
40. Bxf6 a5 41. bxa5 Kxa5 42. Kh4 Kb5 43. Kh5 Kc4 44. Kxh6 d5 45. g4 1-0

[Event "Ä15Â"]
[Site "Loo"]
[Date "2017.04.25"]
[Round "6.11"]
[White "Êóòÿíèíà, Ìàðèÿ."]
[Black "Ãèðøãîðí, Ìàðèÿ."]
[Result "1-0"]
[WhiteElo "1922"]
[BlackElo "1813"]
[PlyCount "69"]
[EventDate "2017.04.20"]

1. d4 Nf6 2. Bf4 g6 3. Nf3 Bg7 4. e3 d6 5. Nbd2 O-O 6. Bd3 Nc6 7. c3 Re8 8. O-O
e5 9. Bg5 h6 10. Bxf6 Qxf6 11. d5 Nb8 12. e4 Nd7 13. b4 Qd8 14. Qc2 Nf6 15. Ne1
Rf8 16. c4 Nh5 17. g3 f5 18. f3 Bf6 19. Ng2 f4 20. g4 Ng7 21. Nb3 h5 22. h3
hxg4 23. hxg4 Bh4 24. Nxh4 Qxh4 25. Qh2 Qxh2+ 26. Kxh2 Bd7 27. Kg2 Kf7 28. c5
Rac8 29. Rac1 Ke7 30. Rh1 Rh8 31. cxd6+ Kxd6 32. Na5 b6 33. Nc4+ Ke7 34. Rxh8
Rxh8 35. Nxe5 1-0

[Event "Ä15Â"]
[Site "Loo"]
[Date "2017.04.25"]
[Round "6.12"]
[White "Ëåâè÷åâà, Åêàòåðèíà."]
[Black "Òîëêà÷åâà, Àííà."]
[Result "1-0"]
[WhiteElo "1884"]
[BlackElo "1656"]
[PlyCount "95"]
[EventDate "2017.04.20"]

1. e4 c5 2. Nf3 d6 3. d4 cxd4 4. Nxd4 Nf6 5. f3 a6 6. c4 e6 7. Nc3 Be7 8. Be3
Qc7 9. Be2 Nbd7 10. Rc1 b6 11. O-O Bb7 12. a3 O-O 13. b4 Rfc8 14. Qb3 Qd8 15.
Kh1 h6 16. Rfd1 Rab8 17. Rc2 Qe8 18. Na4 Ba8 19. Rdc1 Kh7 20. Rc3 g6 21. Qd1
Ne5 22. Nb2 Qd8 23. Nb3 Qc7 24. c5 bxc5 25. Bxa6 Rd8 26. Qe2 Qb6 27. bxc5 dxc5
28. Na4 Qc6 29. Naxc5 Qe8 30. Rd1 Rxd1+ 31. Qxd1 Qc6 32. Qc1 Qd6 33. Nd2 Rd8
34. Be2 Bc6 35. a4 Ra8 36. f4 Neg4 37. e5 Bxg2+ 38. Kxg2 Qc6+ 39. Bf3 Nd5 40.
Bg1 Bxc5 41. Rxc5 Nxf4+ 42. Kg3 Qxa4 43. Rc4 Qa3 44. Qxa3 Rxa3 45. Kxf4 h5 46.
Bxg4 hxg4 47. Kxg4 Ra5 48. Nf3 1-0

[Event "Ä15Â"]
[Site "Loo"]
[Date "2017.04.25"]
[Round "6.13"]
[White "Øåñòàêîâà, Åêàòåðèíà."]
[Black "Áóðíÿøåâà, Åëåíà."]
[Result "1-0"]
[WhiteElo "1840"]
[BlackElo "1721"]
[PlyCount "69"]
[EventDate "2017.04.20"]

1. e4 c5 2. c3 d5 3. exd5 Qxd5 4. d4 Nc6 5. Nf3 Bf5 6. Be3 Nf6 7. dxc5 Qxd1+ 8.
Kxd1 e5 9. Nbd2 Ng4 10. Nb3 a5 11. a4 Be6 12. Nfd2 O-O-O 13. Ke1 Be7 14. Bc4
Bd5 15. Bxd5 Rxd5 16. Nc4 Rd3 17. Ke2 Rhd8 18. Nd6+ Bxd6 19. Kxd3 Bxc5+ 20. Ke2
Bxe3 21. fxe3 e4 22. Rad1 Re8 23. Rhf1 f6 24. Rd5 b6 25. Nd4 Nxd4+ 26. cxd4 Re7
27. h3 Nh6 28. Rc1+ Rc7 29. Rxc7+ Kxc7 30. g4 Nf7 31. Rf5 Nd6 32. Rf1 Kc6 33.
Rc1+ Kd5 34. Rc2 Nc4 35. b3 1-0

[Event "Ä15Â"]
[Site "Loo"]
[Date "2017.04.25"]
[Round "6.14"]
[White "Ïèêàëîâà, Ñîôüÿ."]
[Black "Ïóäàëåâà, Çëàòà."]
[Result "0-1"]
[WhiteElo "1800"]
[BlackElo "1702"]
[PlyCount "80"]
[EventDate "2017.04.20"]

1. e4 c6 2. Nc3 d5 3. Nf3 Bg4 4. h3 Bxf3 5. Qxf3 e6 6. d3 Nd7 7. Bd2 Bc5 8.
O-O-O Ne7 9. g4 Qc7 10. Bf4 Bd6 11. Be3 Be5 12. d4 Bd6 13. a3 Qa5 14. Kb1 Bxa3
15. exd5 exd5 16. bxa3 Qxc3 17. Rd3 Qa5 18. Bd2 Qd8 19. Rb3 Nb6 20. Bd3 O-O 21.
h4 Qd7 22. h5 Nc4 23. Bb4 a5 24. Bc3 f5 25. g5 b5 26. Bxc4 dxc4 27. Rb2 Nd5 28.
Re1 Rfb8 29. Re5 b4 30. axb4 axb4 31. Be1 Qa7 32. Kc1 Qxd4 33. Rxf5 Ra1+ 34.
Rb1 Rxb1+ 35. Kxb1 Nc3+ 36. Kb2 Ne2+ 37. Kb1 Qd1+ 38. Kb2 Qc1+ 39. Ka2 b3+ 40.
cxb3 cxb3+ 0-1

[Event "Ä15Â"]
[Site "Loo"]
[Date "2017.04.25"]
[Round "6.15"]
[White "Çàêóðèíà, Ìàðèÿ."]
[Black "Óñêîâà, Òàèñèÿ."]
[Result "1-0"]
[WhiteElo "1704"]
[BlackElo "1798"]
[PlyCount "43"]
[EventDate "2017.04.20"]

1. e4 e5 2. Nf3 Nc6 3. Bc4 Bc5 4. c3 Nf6 5. d3 d6 6. Nbd2 h6 7. O-O O-O 8. Re1
a6 9. Bb3 Be6 10. Bc2 Qe7 11. Nf1 Bg4 12. Ng3 Rfe8 13. h3 Bd7 14. d4 exd4 15.
cxd4 Bb4 16. Bd2 Bxd2 17. Qxd2 Qf8 18. Nh4 Rad8 19. Rad1 g6 20. d5 Na7 21. Qd4
Qe7 22. Qxa7 1-0

[Event "Ä15Â"]
[Site "Loo"]
[Date "2017.04.25"]
[Round "6.16"]
[White "Êîêóåâà, Àëèñà."]
[Black "Òèòèåâñêàÿ, Åëèçàâåòà."]
[Result "1-0"]
[WhiteElo "1552"]
[BlackElo "1762"]
[PlyCount "37"]
[EventDate "2017.04.20"]

1. e4 c5 2. Nf3 d6 3. d4 cxd4 4. Nxd4 Nf6 5. f3 e5 6. Nb3 d5 7. Bg5 dxe4 8.
Qxd8+ Kxd8 9. fxe4 h6 10. Bxf6+ gxf6 11. Nc3 Nd7 12. O-O-O b6 13. Bc4 Ke8 14.
Nd5 Bd6 15. Bb5 Kf8 16. Ne3 Bc5 17. Nf5 Ke8 18. Nxc5 bxc5 19. Nd6+ 1-0